书目信息 |
| 题名: |
当代中国商业
|
|
| 作者: | 郭令吾 主编 | |
| 分册: | 下册 | |
| 出版信息: | 北京 中国社会科学出版社 1987 |
|
| 页数: | 568页 | |
| 开本: | 20cm | |
| 丛书名: | 当代中国丛书 | |
| 单 册: | ||
| 中图分类: | F72 | |
| 科图分类: | ||
| 主题词: | 商业--中国--现代 | |
| 电子资源: | ||
| ISBN: | 7-5004-0390-9 | |
| 000 | 00687nam2 2200241 45 | |
| 001 | 0187003182 | |
| 005 | 20061031081253.32 | |
| 010 | @a7-5004-0390-9@d¥9.70(精装:¥11.50) | |
| 100 | @a19931027d1987 kemy0chiy0121 ea | |
| 101 | 0 | @achi |
| 102 | @aCN@b110000 | |
| 105 | @af z 000yy | |
| 200 | 10 | @a当代中国商业@Adang dai zhong guo shang ye@h下册@f郭令吾主编@g杨德颖副主编 |
| 210 | @a北京@c中国社会科学出版社@d1987 | |
| 215 | @a568页@c照片@d20cm | |
| 225 | 2 | @a当代中国丛书 |
| 410 | 0 | @120010@a当代中国丛书 |
| 606 | @a商业@y中国@z现代 | |
| 690 | @aF72@v3 | |
| 701 | 0 | @a郭令吾@Aguo ling wu@4主编 |
| 801 | 2 | @aCN@bNLC@c20061031 |
| 801 | 0 | @aCN@bTSSF |
| 905 | @a10447@dF72@e11:2 | |
| 当代中国商业.下册/郭令吾主编/杨德颖副主编.-北京:中国社会科学出版社,1987 |
| 568页:照片;20cm.-(当代中国丛书) |
| ISBN 7-5004-0390-9:¥9.70(精装:¥11.50) |
| ● |
| 相关链接 |
|
|
|
|
正题名:当代中国商业
索取号:F72/11:2
 
预约/预借
| 序号 | 登录号 | 条形码 | 馆藏地/架位号 | 状态 | 备注 |
| 1 | 0221361 | 000488966 | 第一样本阅览室/ [索取号:F72/11:2] | 在馆 |